Partial differential equations : classical theory with a modern touch / A.K. Nandakuran, P.S. Datti. (Record no. 22499)

000 -LEADER
fixed length control field 00587nam a22001577a 4500
020 ## - INTERNATIONAL STANDARD BOOK NUMBER
ISBN 9781108839808 (ebook)
082 ## - DEWEY DECIMAL CLASSIFICATION NUMBER
Classification number 515.353
Item number N176p 2020
100 ## - MAIN ENTRY--AUTHOR NAME
Personal name Nandakumaran, A.K, Author.
245 ## - TITLE STATEMENT
Title Partial differential equations : classical theory with a modern touch / A.K. Nandakuran, P.S. Datti.
260 ## - PUBLICATION, DISTRIBUTION, ETC. (IMPRINT)
Place of publication New York, NY :
Name of publisher Cambridge University Press
Year of publication 2020
300 ## - PHYSICAL DESCRIPTION
Number of Pages 1 online resource, xvii, 291 pages :
Other physical details Illustrations.
490 ## - SERIES STATEMENT
Series statement Cambridge - IISc Series
500 ## - GENERAL NOTE
General note Includes bibliographic references and index.
650 ## - SUBJECT ADDED ENTRY--TOPICAL TERM
Topical Term Differential equations.
942 ## - ADDED ENTRY ELEMENTS (KOHA)
Koha item type Electronic Books
Holdings
Source of acquisition Permanent Location Date acquired Collection code Koha item type Lost status Shelving location Withdrawn status Current Location Full call number
DonationCagayan State University - Carig Library2026-04-16E-BooksElectronic Books E-Resource Section Cagayan State University - Carig Library515.353 N176p 2020

Cagayan State University University Library, Carig Campus
Tuguegarao City, Cagayan 3500 | www.csucarig.edu.ph

Powered by Koha